00225nam a2200097Ia 4500008004100000041000800041082001100049100001700060245002200077260002800099231212s1967 xx 000 0 und d aeng a491.43 aHawkins J.M. aThe Oxford Senior aNew DelhibPeopelc1967